|
|
|
|
| LEADER |
00000cam a2200000 7i4500 |
| 001 |
0000009738 |
| 005 |
20241004.0 |
| 008 |
211029 enka eng |
| 020 |
|
|
|a 1861522576 (pbk)
|
| 040 |
|
|
|a INS
|b eng
|e rda
|
| 090 |
0 |
0 |
|a HG4028.C4
|b L957 1999
|
| 100 |
1 |
|
|a Lumby, Steve ,
|e author
|
| 245 |
1 |
0 |
|a Investment appraisal and financial decisions
|c Steve Lumby and Chris Jones
|
| 250 |
|
|
|a Sixth edition
|
| 264 |
|
1 |
|a London :
|b International Thomson Business Press
|c 1999
|
| 264 |
|
4 |
|c ©1999
|
| 300 |
|
|
|a xiv, 647 pages :
|b illustrations ;
|c 25 cm.
|
| 336 |
|
|
|a text
|2 rdacontent
|
| 336 |
|
|
|a unmediated
|2 rdamedia
|
| 337 |
|
|
|a volume
|2 rdacarrier
|
| 500 |
|
|
|a Includes index
|
| 650 |
|
0 |
|a Capital investments
|x Decision making
|
| 700 |
1 |
|
|a Jones, Chris ,
|e author
|
| 999 |
|
|
|a 0000008308
|b BOOK
|c Open Shelf
|e Default branch
|